[Event "SVK-chT2C 1516"]
[Site "Slovakia"]
[Date "2015.12.06"]
[Round "6.5"]
[White "Marsina, Stefan"]
[Black "Gembicky, Lubos"]
[Result "1/2-1/2"]
[WhiteElo "1966"]
[BlackElo "1957"]
[PlyCount "45"]
[EventDate "2015.10.17"]
[EventType "team-tourn"]
[EventRounds "11"]
[EventCountry "SVK"]
[SourceTitle "CBM 169 Extra"]
[Source "ChessBase"]
[SourceDate "2015.12.18"]
[SourceVersion "1"]
[SourceVersionDate "2015.12.18"]
[SourceQuality "1"]
[WhiteTeam "Rajecke Teplice"]
[BlackTeam "Cadca Caissa II"]
[WhiteTeamCountry "SVK"]
[BlackTeamCountry "SVK"]

1. c4 c5 2. Nc3 g6 3. d4 Bg7 4. d5 f5 5. Nf3 Nf6 6. Bf4 d6 7. Qd2 h6 8. h3 Na6 9. a3 Nc7 10. e3 Bd7 11. Bd3 Qc8 12. 0-0-0 a6 13. e4 b5 14. e5 b4 15. Nb1 bxa3 16. Nxa3 Ne4 17. Qe2 g5 18. exd6 gxf4 19. Bxe4 fxe4 20. Qxe4 0-0 21. dxc7 Qxc7 22. Nh4 Bf6 23. Qg6+ 1/2-1/2

[Event "SVK-chT2C 1415"]
[Site "Slovakia"]
[Date "2015.02.14"]
[Round "8.3"]
[White "Gembicky, Lubos"]
[Black "Miklas, Marian"]
[Result "0-1"]
[WhiteElo "1953"]
[BlackElo "2112"]
[PlyCount "82"]
[EventDate "2014.10.11"]
[EventType "team-tourn"]
[EventRounds "11"]
[EventCountry "SVK"]
[SourceTitle "EXT 2016"]
[Source "ChessBase"]
[SourceDate "2015.10.08"]
[SourceVersion "1"]
[SourceVersionDate "2015.10.08"]
[SourceQuality "1"]
[WhiteTeam "Cadca Caissa II"]
[BlackTeam "Banska Bystrica Kurta"]
[WhiteTeamCountry "SVK"]
[BlackTeamCountry "SVK"]

1. e4 e6 2. d4 d5 3. e5 c5 4. c3 Nc6 5. Nf3 f6 6. Bd3 cxd4 7. cxd4 fxe5 8. dxe5 Bb4+ 9. Nbd2 Nge7 10. a3 Ba5 11. 0-0 Bc7 12. Qe2 g6 13. Nb3 0-0 14. Bg5 Rxf3 15. Qxf3 Nxe5 16. Qe2 Nxd3 17. Qxd3 Qd6 18. g3 Nc6 19. Rac1 e5 20. Rfd1 Be6 21. Nc5 Bf7 22. Nxb7 Qd7 23. Nc5 Qg4 24. Na6 e4 25. Qf1 Bb6 26. Rxc6 Qxg5 27. Qe2 Rf8 28. Nb4 Qe5 29. Rd2 d4 30. Rxb6 axb6 31. Nc6 Qc5 32. Nxd4 Rd8 33. Qe3 Qc1+ 34. Kg2 Bc4 35. h4 Bf1+ 36. Kh2 Bd3 37. Rxd3 Qxe3 38. Rxe3 Rxd4 39. Rb3 Rd6 40. Kh3 h5 41. g4 Rd3+ 0-1

[Event "SVK-chT2C 1415"]
[Site "Slovakia"]
[Date "2014.12.07"]
[Round "6.4"]
[White "Kopera, Michal"]
[Black "Gembicky, Lubos"]
[Result "1-0"]
[WhiteElo "2131"]
[BlackElo "1953"]
[PlyCount "125"]
[EventDate "2014.10.11"]
[EventType "team-tourn"]
[EventRounds "11"]
[EventCountry "SVK"]
[SourceTitle "EXT 2016"]
[Source "ChessBase"]
[SourceDate "2015.10.08"]
[SourceVersion "1"]
[SourceVersionDate "2015.10.08"]
[SourceQuality "1"]
[WhiteTeam "Zilina Mladost II"]
[BlackTeam "Cadca Caissa II"]
[WhiteTeamCountry "SVK"]
[BlackTeamCountry "SVK"]

1. e4 e6 2. d4 d5 3. Nd2 Nf6 4. e5 Nfd7 5. Bd3 c5 6. c3 Nc6 7. Ndf3 Qb6 8. Ne2 Be7 9. 0-0 cxd4 10. cxd4 f6 11. exf6 Nxf6 12. b3 0-0 13. Bg5 Qc7 14. Bf4 Bd6 15. Bxd6 Qxd6 16. Ng3 e5 17. Nxe5 Nxe5 18. dxe5 Qxe5 19. Re1 Qg5 20. Qc1 Qh4 21. h3 Bd7 22. Qc7 Qd4 23. Bf5 Ne4 24. Nxe4 Bxf5 25. Rad1 Qb6 26. Qxb6 axb6 27. Nc3 Rfd8 28. Rxd5 Rxd5 29. Nxd5 Kf8 30. a4 Rd8 31. Nxb6 Rd4 32. Re3 Kf7 33. Kf1 Be6 34. a5 Rb4 35. Nc4 Bxc4+ 36. bxc4 Rxc4 37. Rb3 Rc7 38. Ke2 g6 39. f4 h5 40. Rb6 Rc2+ 41. Kf3 Rc7 42. g4 hxg4+ 43. hxg4 Re7 44. Rb5 Kf6 45. Kg3 Re3+ 46. Kh4 Re7 47. Rb6+ Kf7 48. Kg5 Rc7 49. Rf6+ Kg7 50. Rxg6+ Kf7 51. Rb6 Rc5+ 52. f5 Rc7 53. a6 bxa6 54. Rxa6 Rb7 55. Rh6 Kg7 56. f6+ Kg8 57. Rh1 Ra7 58. Kg6 Rg7+ 59. Kf5 Ra7 60. Re1 Ra5+ 61. Re5 Ra8 62. Kg6 Kf8 63. Rh5 1-0

[Event "SVK-chT2C 1415"]
[Site "Slovakia"]
[Date "2014.10.12"]
[Round "2.5"]
[White "Gembicky, Lubos"]
[Black "Adamciak, Tomas"]
[Result "1-0"]
[WhiteElo "1953"]
[BlackElo "1909"]
[PlyCount "57"]
[EventDate "2014.10.11"]
[EventType "team-tourn"]
[EventRounds "11"]
[EventCountry "SVK"]
[SourceTitle "EXT 2016"]
[Source "ChessBase"]
[SourceDate "2015.10.08"]
[SourceVersion "1"]
[SourceVersionDate "2015.10.08"]
[SourceQuality "1"]
[WhiteTeam "Cadca Caissa II"]
[BlackTeam "Liptov Chess School III"]
[WhiteTeamCountry "SVK"]
[BlackTeamCountry "SVK"]

1. e4 c5 2. Nf3 e6 3. d4 cxd4 4. Nxd4 Nc6 5. Be3 Qc7 6. Be2 Nf6 7. f3 Be7 8. 0-0 0-0 9. Nc3 Rd8 10. Kh1 b6 11. Qe1 Bb7 12. Qf2 Nxd4 13. Bxd4 d5 14. e5 Nd7 15. f4 f6 16. Qh4 Re8 17. Qh3 Nc5 18. Bh5 Rf8 19. b4 Na6 20. Qxe6+ Kh8 21. a3 Rad8 22. Qh3 Nb8 23. Bg6 h6 24. Bf5 Nc6 25. Nb5 Qb8 26. Qh5 Bc8 27. e6 Bxe6 28. Bxe6 a6 29. Be3 1-0

[Event "Zilina-ch"]
[Site "Zilina"]
[Date "2014.05.10"]
[Round "4"]
[White "Gembicky, Lubos"]
[Black "Saga, Vladimir"]
[Result "1-0"]
[WhiteElo "1937"]
[BlackElo "2016"]
[PlyCount "99"]
[EventDate "2014.05.09"]
[EventType "swiss"]
[EventRounds "6"]
[EventCountry "SVK"]
[SourceTitle "CBM 160 Extra"]
[Source "ChessBase"]
[SourceDate "2014.07.01"]
[SourceVersion "1"]
[SourceVersionDate "2014.07.01"]
[SourceQuality "1"]

1. e4 c5 2. Nf3 Nc6 3. d4 cxd4 4. Nxd4 e5 5. Nb5 a6 6. Nd6+ Bxd6 7. Qxd6 Qe7 8. Qxe7+ Ngxe7 9. c3 d5 10. exd5 Nxd5 11. Na3 Be6 12. Nc4 b5 13. Ne3 0-0 14. Nxd5 Bxd5 15. Be3 f5 16. b3 f4 17. Bc5 Rfd8 18. 0-0-0 Be4 19. Rxd8+ Rxd8 20. f3 Bg6 21. Be2 Rd5 22. b4 Bf7 23. a4 Na5 24. Rd1 Nb3+ 25. Kc2 Rxd1 26. Bxd1 bxa4 27. Kb2 Bc4 28. Bd6 Bf1 29. Bxe5 Nd2 30. Bxf4 Nc4+ 31. Ka2 Bxg2 32. Be2 Nb6 33. Ka3 Nd5 34. Be5 Ne3 35. Kxa4 Kf7 36. Ka5 g5 37. Kxa6 Ke6 38. Bd4 Nf1 39. Bg1 Nd2 40. b5 Nxf3 41. Bxf3 Bxf3 42. c4 Kd7 43. Bd4 h5 44. Be5 Ke6 45. Bb8 h4 46. c5 g4 47. c6 Be2 48. Kb6 Bd3 49. Kc5 h3 50. Bc7 1-0

[Event "Zilina-ch"]
[Site "Zilina"]
[Date "2014.05.09"]
[Round "1"]
[White "Adamko, Peter"]
[Black "Gembicky, Lubos"]
[Result "1/2-1/2"]
[WhiteElo "2117"]
[BlackElo "1937"]
[PlyCount "132"]
[EventDate "2014.05.09"]
[EventType "swiss"]
[EventRounds "6"]
[EventCountry "SVK"]
[SourceTitle "CBM 160 Extra"]
[Source "ChessBase"]
[SourceDate "2014.07.01"]
[SourceVersion "1"]
[SourceVersionDate "2014.07.01"]
[SourceQuality "1"]

1. e4 e5 2. Nf3 Nc6 3. Bb5 Nf6 4. Qe2 d6 5. d4 Bd7 6. Bxc6 Bxc6 7. d5 Bd7 8. c4 g6 9. Nc3 Bg7 10. 0-0 0-0 11. Bg5 Qe7 12. Qd2 Qe8 13. b4 b6 14. Rfc1 Nh5 15. Ne1 f5 16. f3 f4 17. Nd3 h6 18. Bh4 g5 19. Bf2 g4 20. Kf1 Qg6 21. Ke2 a5 22. a3 g3 23. hxg3 Nxg3+ 24. Bxg3 Qxg3 25. Ne1 axb4 26. axb4 h5 27. c5 h4 28. Kd3 bxc5 29. bxc5 dxc5 30. Ra2 h3 31. gxh3 Bxh3 32. Rca1 Bf1+ 33. Kc2 Rxa2+ 34. Rxa2 Bf6 35. Ra1 c4 36. Nb5 c3 37. Nxc3 Rb8 38. Kd1 Bh4 39. Ra2 Qg1 40. Rb2 Rxb2 41. Qxb2 Qd4+ 42. Qd2 Qc4 43. Kc2 Bxe1 44. Qxe1 Qd3+ 45. Kb3 Qxf3 46. Qh4 Qg3 47. Qd8+ Kh7 48. Qxc7+ Qg7 49. Qc8 Qf6 50. Qd7+ Kh6 51. d6 f3 52. Nd5 Qg6 53. Qe7 Qxe4 54. Qf8+ Kg5 55. Qg8+ Kh4 56. d7 Qc4+ 57. Ka3 Qa6+ 58. Kb4 Qb7+ 59. Kc5 Qxd7 60. Qh8+ Kg3 61. Qxe5+ Kf2 62. Qe3+ Kg3 63. Qe1+ Kg2 64. Ne3+ Kh3 65. Qxf1+ Kh4 66. Qf2+ Kg5 1/2-1/2

[Event "Zilina Region-ch"]
[Site "Zilina"]
[Date "2011.05.06"]
[Round "1"]
[White "Jablonicky, Frantisek"]
[Black "Gembicky, Lubos"]
[Result "1-0"]
[WhiteElo "2180"]
[BlackElo "1974"]
[PlyCount "117"]
[EventDate "2011.05.06"]
[EventType "swiss"]
[EventRounds "7"]
[EventCountry "SVK"]
[SourceTitle "EXT 2012"]
[Source "ChessBase"]
[SourceDate "2011.11.24"]
[SourceVersion "1"]
[SourceVersionDate "2011.11.24"]
[SourceQuality "1"]

1. Nf3 Nf6 2. d4 g6 3. c4 Bg7 4. g3 0-0 5. Bg2 c5 6. Nc3 d5 7. dxc5 Qa5 8. cxd5 Nxd5 9. Qxd5 Bxc3+ 10. Bd2 Bxd2+ 11. Qxd2 Qxc5 12. 0-0 Nc6 13. Qh6 f6 14. Rac1 Qb6 15. b3 Be6 16. Qe3 Qxe3 17. fxe3 Bd5 18. Nd4 Bxg2 19. Kxg2 Nxd4 20. exd4 Rac8 21. Kf3 Kf7 22. Ke4 Ke6 23. Rc4 b5 24. Rc5 f5+ 25. Kd3 Rxc5 26. dxc5 Kd5 27. b4 e5 28. Kc3 Rf7 29. a4 bxa4 30. Rd1+ Kc6 31. Kc4 f4 32. b5+ Kc7 33. Rd5 a3 34. Rd3 Rd7 35. Rxa3 Rd4+ 36. Kc3 Kb8 37. Ra6 fxg3 38. hxg3 Rg4 39. Re6 Rxg3+ 40. Kc4 Rg4+ 41. Kd5 Rd4+ 42. Kc6 Rd8 43. Rxe5 Rg8 44. Re7 g5 45. Rb7+ Ka8 46. Rxh7 g4 47. Rh2 g3 48. Rg2 Rg6+ 49. Kd5 Rg5+ 50. Kd4 Kb7 51. e4 a6 52. bxa6+ Kxa6 53. e5 Kb7 54. Kd5 Kc7 55. Ke6 Kc6 56. Kf6 Rg4 57. e6 Kc7 58. e7 Kd7 59. Rd2+ 1-0